|
|
|
|
| LEADER |
00000nam0a2200000 4500 |
| 001 |
379369 |
| 005 |
20231206162557.0 |
| 010 |
|
|
|a 978-5-17-106692-5
|
| 035 |
|
|
|a (RuTPU)RU\TPU\retro\36836
|
| 090 |
|
|
|a 379369
|
| 100 |
|
|
|a 20230928d2018 km|y0rusy50 ca
|
| 101 |
1 |
|
|a rus
|c eng
|
| 102 |
|
|
|a RU
|
| 105 |
|
|
|a a z 001yy
|
| 181 |
|
0 |
|a i
|b e
|
| 182 |
|
0 |
|a n
|
| 183 |
|
0 |
|a nc
|2 RDAcarrier
|
| 200 |
1 |
|
|a Семь этюдов по физике
|d Seven Brief lessons on Physics
|f Карло Ровелли
|g пер. с англ. А. Якименко
|
| 203 |
|
|
|a Текст
|b визуальный
|c непосредственный
|
| 210 |
|
|
|a Москва
|c АСТ
|c CORPUS
|d 2018
|
| 215 |
|
|
|a 128 с.
|c ил.
|
| 225 |
|
|
|a Библиотека фонда "Траектория"
|
| 283 |
|
|
|a volume
|2 RDAcarrier
|
| 320 |
|
|
|a Предметно-именной указатель: с. 123-126
|
| 330 |
|
|
|a Карло Ровелли — физик-теоретик, внесший значительный вклад в физику пространства и времени, автор нескольких научно-популярных книг. Он работал в Италии и США, а сейчас возглавляет исследовательскую группу по квантовой гравитации в Марселе. "Семь этюдов по физике" мгновенно стали бестселлером в Италии и переведены на несколько десятков языков. В этой книге Ровелли кратко и увлекательно рассказывает о самых потрясающих открытиях революции, произошедшей в физике в XX веке, и о вопросах, все еще ждущих своего разрешения.
|
| 510 |
1 |
|
|a Seven Brief lessons on Physics
|z eng
|
| 606 |
1 |
|
|a Физика
|9 80688
|
| 610 |
1 |
|
|a история
|
| 610 |
1 |
|
|a физические открытия
|
| 610 |
1 |
|
|a 20 век
|
| 610 |
1 |
|
|a теория относительности
|
| 610 |
1 |
|
|a квантовая механика
|
| 610 |
1 |
|
|a космос
|
| 610 |
1 |
|
|a Вселенная
|
| 610 |
1 |
|
|a элементарные частицы
|
| 610 |
1 |
|
|a квантовая гравитация
|
| 610 |
1 |
|
|a Черные дыры
|
| 610 |
1 |
|
|a теплота
|
| 675 |
|
|
|a 53
|v 4
|z rus
|
| 700 |
|
1 |
|a Ровелли
|b К.
|4 070
|g Карло
|
| 702 |
|
1 |
|4 070
|b Якименко
|c А.
|g Алёна
|
| 801 |
|
1 |
|a RU
|b 63413507
|c 20230928
|
| 942 |
|
|
|c BK
|